Laura Ingalls Wilder's Little House Books Quiz Stats

 Plays Quiz Updated Mar 6, 2020

Support Sporcle.
Go Orange.
Score 0/8 Timer 03:00
1 Play Today
Year Published Book Title % Correct
1935Little House on the Prairie
94%
1932Little House in the Big Woods
82.5%
1933Farmer Boy
58%
1937On the Banks of Plum Creek
52.7%
1940The Long Winter
47.9%
1943These Happy Golden Years
45.1%
1939By the Shores of Silver Lake
41.1%
1941Little Town on the Prairie
40.7%

You're not logged in!

Compare scores with friends on all Sporcle quizzes.
OR
Log In

From the Vault

Red Sea Countries

by Jam1

They're red, see!
Remove Ads.
Support Sporcle.
Get the best of Sporcle when you Go Orange. This ad-free experience offers more features, more stats, and more fun while also helping to support Sporcle. Thank you for becoming a member.

Show Comments

Extras

Top Quizzes Today


Score Distribution

Your Account Isn't Verified!

In order to create a playlist on Sporcle, you need to verify the email address you used during registration. Go to your Sporcle Settings to finish the process.

Report this User

Report this user for behavior that violates our Community Guidelines.

Details: